00423nam a22001457a 450000500170000000800410001702000180005804100130007608200140008910000280010324500430013126000440017430000330021865000260025120231114104346.0231114b |||||||| |||| 00| 0 eng d a9780409123395 aEnglish  a344.5 ROB aRobinson, RM lEnglish  aAccess to Information / cRM Robinson  aDurban : bLexisNexis (Pty) Ltd, c2016 bxi, 311 pages ; c24, 7 cm.  aLegal practice bLaw